Recursos Eleitorais

Detalles Bibliográficos
Autor principal: Dirceu Barros, Francisco
Otros Autores: Leite Paes, Janiere Portela
Formato: eBook
Lenguaje:portugués
Publicado: San Pablo: JH Mizuno, 2016
Materias:
Acceso en línea:Acceso restringido

MARC

LEADER 00000nam a22000007a 4500
005 20180227222851.0
007 cr|||| ||||
008 180227s2016 br |||||s|||| 00||0 por d
020 |a 978-85-7789-272-3 
035 |a 21028 
040 |a vLex 
090 |c 7428  |d 7428 
100 1 |a Dirceu Barros, Francisco 
245 1 0 |a Recursos Eleitorais  |h [Recurso electrn̤ico] /  |c Francisco Dirceu Barros, Janiere Portela Leite Paes 
256 |a Servicio en ln̕ea 
260 |a San Pablo:  |b JH Mizuno,  |c 2016 
300 |a 1 recurso electrn̤ico 
500 |a Apresentamos ao leitor o primeiro livro do Brasil que trata especificamente dos ?recursos eleitorais cv̕eis e criminais?. Da atenta leitura dos julgados do TSE, constamos, com pesar, a quantidade de recursos nô recebidos por serem intempestivas ou por erro grosseiro na escolha da via de impugnaȯ̂ eleita, enfim, equv̕ocos que denotam a ausn̊cia de conhecimento do desenvolvimento ter̤ico dos recursos eleitorais. E o fato ainda se agrava quando partimos para o contexto prt̀ico. Temos constatado a constante preocupaȯ̂ de colegas promotores, advogados e juz̕es eleitorais com o processamento dos Recursos Eleitorais, que, no pero̕do das eleiė̳s, causa grandes indagaė̳s e perplexidades, ante a total ausn̊cia no mercado editorial brasileiro de um livro destinado aos recursos eleitorais. Tentaremos superar esta verdadeira lacuna editorial apresentando ao leitor um livro que colacione em um s ̤local toda teoria dos recursos eleitorais cv̕eis e criminais. 
506 1 |a Disponible solo en los productos indicados  |d vLex Global  |d vLex Global (Academic Edition, excluding Law Schools)  |d vLex Global (U.S. Academic Edition, Law Schools)  |d vLex Global (U.S. Academic Edition, excluding Law Schools)  |d vLex Global (Academic Edition, Law Schools) 
650 0 4 |a Derecho Constitucional  |z Brasil 
650 0 4 |a Rǧimen Electoral  |z Brasil 
700 1 |a Leite Paes, Janiere Portela 
740 0 |a vLex Libros (Servicio en ln̕ea) 
856 4 0 |u http://vlex.com/source/recursos-eleitorais-21028  |z Acceso restringido 
942 |c BOOK 
999 0 |a Constitutional Law 
999 0 |a Electoral Regime